000 00324nam a2200133Ia 4500
008 190723s9999 xx 000 0 und d
020 _a978-81-309-0863-2
100 _aHal.R.Varian
245 0 _aMicroEconomic Analysis
250 _a3rd
260 _aNew Delhi
_bViva Publishing
_c2017
300 _a506.:P
942 _cBK
999 _c1448
_d1448